[Event "Liga Madrileña - DH 2018-2019"]
[Site "Madrid ESP"]
[Date "2019.03.10"]
[Round "13.2"]
[White "Gascon del Nogal, Jose Rafael"]
[Black "Almagro Llamas, Pablo"]
[Result "0-1"]
[WhiteElo "2471"]
[BlackElo "2458"]
[PlyCount "106"]
[EventDate "2018.11.18"]
[EventType "team-tourn"]
[EventRounds "14"]
[EventCountry "ESP"]
[SourceTitle "Ajedrez en Madrid"]
[Source "lmi"]
[SourceDate "2018.11.18"]
[SourceVersion "1"]
[SourceVersionDate "2019.04.02"]
[SourceQuality "1"]
[WhiteTeam "Collado Villalba"]
[BlackTeam "Virgen de Atocha"]
[WhiteTeamCountry "ESP"]
[BlackTeamCountry "ESP"]

1. Nf3 Nf6 2. c4 e6 3. g3 b6 4. Bg2 Bb7 5. d4 Bb4+ 6. Bd2 Be7 7. O-O O-O 8. Nc3
Ne4 9. d5 Nd6 10. b3 Bf6 11. Rc1 Na6 12. Bf4 Qe7 13. Bxd6 Qxd6 14. Ne4 Qe7 15.
d6 cxd6 16. Nxf6+ gxf6 17. Qd2 Nc7 18. Rfd1 Rfd8 19. Qh6 Bc6 20. Rd4 f5 21. e4
fxe4 22. Ng5 f5 23. f3 Qg7 24. Qxg7+ Kxg7 25. fxe4 h6 26. Nh3 fxe4 27. Rxd6 Ne8
28. Rd2 Nf6 29. Nf4 Rac8 30. Rcd1 Re8 31. Rd6 b5 32. Ne2 bxc4 33. bxc4 Ba4 34.
Rc1 Rc6 35. Rd4 e5 36. Rd2 Rec8 37. Rf1 Rxc4 38. Rd6 Ne8 39. Rd5 d6 40. Ra5
R8c7 41. g4 Bd7 42. Ng3 Nf6 43. Ra6 Rd4 44. Ra3 Bxg4 45. h3 Be6 46. Re3 d5 47.
Re2 Rd3 48. Kh2 e3 49. Rg1 Kf7 50. Nf1 d4 51. Bf3 Ra3 52. Reg2 Rxa2 53. Be2
Rcc2 0-1

[Event "Liga Madrileña - DH 2018-2019"]
[Site "Madrid ESP"]
[Date "2019.03.10"]
[Round "13.3"]
[White "Rubio Mejia, Luis Ignacio"]
[Black "Moreno Ruiz, Javier"]
[Result "1/2-1/2"]
[WhiteElo "2433"]
[BlackElo "2467"]
[PlyCount "38"]
[EventDate "2018.11.18"]
[EventType "team-tourn"]
[EventRounds "14"]
[EventCountry "ESP"]
[SourceTitle "Ajedrez en Madrid"]
[Source "lmi"]
[SourceDate "2018.11.18"]
[SourceVersion "1"]
[SourceVersionDate "2019.04.02"]
[SourceQuality "1"]
[WhiteTeam "Virgen de Atocha"]
[BlackTeam "Collado Villalba"]
[WhiteTeamCountry "ESP"]
[BlackTeamCountry "ESP"]

1. d4 d5 2. c4 dxc4 3. e4 e5 4. Nf3 exd4 5. Bxc4 Nc6 6. O-O Be6 7. Bb5 Bc5 8.
b4 Bb6 9. a4 a6 10. Bxc6+ bxc6 11. a5 Ba7 12. Bb2 Nf6 13. Bxd4 Nxe4 14. Bxa7
Qxd1 15. Rxd1 Rxa7 16. Nd4 Bd5 17. f3 Nd6 18. Nc3 Ra8 19. Rac1 Kd7 1/2-1/2

[Event "Liga Madrileña - DH 2018-2019"]
[Site "Madrid ESP"]
[Date "2019.03.10"]
[Round "13.4"]
[White "Quispe Arteaga, Gabriel"]
[Black "Plazuelo Pascual, Juan"]
[Result "1/2-1/2"]
[WhiteElo "2360"]
[BlackElo "2429"]
[PlyCount "42"]
[EventDate "2018.11.18"]
[EventType "team-tourn"]
[EventRounds "14"]
[EventCountry "ESP"]
[SourceTitle "Ajedrez en Madrid"]
[Source "lmi"]
[SourceDate "2018.11.18"]
[SourceVersion "1"]
[SourceVersionDate "2019.04.02"]
[SourceQuality "1"]
[WhiteTeam "Collado Villalba"]
[BlackTeam "Virgen de Atocha"]
[WhiteTeamCountry "ESP"]
[BlackTeamCountry "ESP"]

1. Nf3 d5 2. d4 Nf6 3. c4 e6 4. g3 Bb4+ 5. Bd2 Be7 6. Bg2 c6 7. Qc2 Nbd7 8. O-O
Ne4 9. Be3 O-O 10. Nbd2 f5 11. Ne1 Bf6 12. Nxe4 dxe4 13. f3 e5 14. fxe4 exd4
15. Bf2 Ne5 16. exf5 Ng4 17. Kh1 Bg5 18. Bg1 Nh6 19. c5 Nxf5 20. Qb3+ Kh8 21.
Nf3 Re8 1/2-1/2

[Event "Liga Madrileña - DH 2018-2019"]
[Site "Madrid ESP"]
[Date "2019.03.10"]
[Round "13.5"]
[White "Cabrera Trujillo, Jorge Juan"]
[Black "Ortega Ruiz, Jose Miguel"]
[Result "1/2-1/2"]
[WhiteElo "2320"]
[BlackElo "2280"]
[PlyCount "71"]
[EventDate "2018.11.18"]
[EventType "team-tourn"]
[EventRounds "14"]
[EventCountry "ESP"]
[SourceTitle "Ajedrez en Madrid"]
[Source "lmi"]
[SourceDate "2018.11.18"]
[SourceVersion "1"]
[SourceVersionDate "2019.04.02"]
[SourceQuality "1"]
[WhiteTeam "Virgen de Atocha"]
[BlackTeam "Collado Villalba"]
[WhiteTeamCountry "ESP"]
[BlackTeamCountry "ESP"]

1. e4 e5 2. Nf3 Nc6 3. Bb5 a6 4. Ba4 Nf6 5. O-O Be7 6. Re1 b5 7. Bb3 d6 8. c3
Na5 9. Bc2 c5 10. h3 O-O 11. d4 Qc7 12. Nbd2 cxd4 13. cxd4 Nc6 14. Nb3 a5 15.
Be3 a4 16. Nbd2 Nb4 17. Bb1 Nd7 18. a3 Nc6 19. Bd3 Ba6 20. Qe2 Qb7 21. b3 exd4
22. Nxd4 Nde5 23. Nxc6 Qxc6 24. Rac1 Qd7 25. b4 Rac8 26. f4 Nxd3 27. Qxd3 Rxc1
28. Rxc1 Rc8 29. Rxc8+ Bxc8 30. Nf3 Bf6 31. Bd4 Be7 32. Bc3 Bd8 33. Nd4 Bb6 34.
Kh2 Bxd4 35. Bxd4 f6 36. Qg3 1/2-1/2

[Event "Liga Madrileña - DH 2018-2019"]
[Site "Madrid ESP"]
[Date "2019.03.10"]
[Round "13.6"]
[White "Pastor Alonso de Prado, Emilio Alberto"]
[Black "Aguilera Lopez, Alejandro"]
[Result "1/2-1/2"]
[WhiteElo "2087"]
[BlackElo "2203"]
[PlyCount "72"]
[EventDate "2018.11.18"]
[EventType "team-tourn"]
[EventRounds "14"]
[EventCountry "ESP"]
[SourceTitle "Ajedrez en Madrid"]
[Source "lmi"]
[SourceDate "2018.11.18"]
[SourceVersion "1"]
[SourceVersionDate "2019.04.02"]
[SourceQuality "1"]
[WhiteTeam "Collado Villalba"]
[BlackTeam "Virgen de Atocha"]
[WhiteTeamCountry "ESP"]
[BlackTeamCountry "ESP"]

1. e4 c5 2. c3 Nf6 3. e5 Nd5 4. d4 cxd4 5. Nf3 d6 6. Qxd4 e6 7. Nbd2 Nc6 8. Bb5
Bd7 9. Bxc6 Bxc6 10. Nc4 dxe5 11. Ncxe5 Qb6 12. Nxc6 Qxc6 13. O-O Qc5 14. c4
Nb6 15. b3 Qxd4 16. Nxd4 O-O-O 17. Be3 Kb8 18. Nb5 f6 19. Rfe1 Nc8 20. Rad1 Bb4
21. Rf1 a6 22. Nd4 Rhe8 23. Nc2 Bf8 24. Rxd8 Rxd8 25. Nd4 Re8 26. Rd1 Kc7 27.
Kf1 Nd6 28. Ke2 e5 29. Nc2 f5 30. Nb4 f4 31. Bc5 e4 32. Nd5+ Kc6 33. Ba3 g5 34.
Nb4+ Kc7 35. Nd5+ Kc6 36. Nb4+ Kc7 1/2-1/2

[Event "Liga Madrileña - DH 2018-2019"]
[Site "Madrid ESP"]
[Date "2019.03.17"]
[Round "14.1"]
[White "Pulvett Marin, Daniel Eduardo"]
[Black "Fernandez Blazquez, Diego"]
[Result "1-0"]
[WhiteElo "2459"]
[BlackElo "2237"]
[PlyCount "83"]
[EventDate "2018.11.18"]
[EventType "team-tourn"]
[EventRounds "14"]
[EventCountry "ESP"]
[SourceTitle "Ajedrez en Madrid"]
[Source "lmi"]
[SourceDate "2018.11.18"]
[SourceVersion "1"]
[SourceVersionDate "2019.04.02"]
[SourceQuality "1"]
[WhiteTeam "64 Villalba"]
[BlackTeam "San Fernando de Henares"]
[WhiteTeamCountry "ESP"]
[BlackTeamCountry "ESP"]

1. d4 Nf6 2. Nf3 e6 3. c4 d5 4. g3 Bb4+ 5. Nc3 dxc4 6. Bg2 O-O 7. O-O Nc6 8.
Qa4 Bd7 9. Qc2 Rb8 10. Rd1 b5 11. e4 Be7 12. Qe2 b4 13. d5 Na5 14. dxe6 fxe6
15. e5 Ng4 16. Ne4 Qe8 17. h3 Nh6 18. Bxh6 gxh6 19. Nf6+ Bxf6 20. exf6 Rxf6 21.
Qe5 Rf5 22. Qxc7 Rb7 23. Qd6 Ba4 24. Rd4 Rb6 25. Rg4+ Rg5 26. Nxg5 Rxd6 27.
Ne4+ Kf8 28. Nxd6 Qd8 29. Nxc4 Nc6 30. Re1 Ne7 31. Rxe6 Ng6 32. Rd6 Qe7 33. Re4
Qg5 34. Ne3 Qc5 35. Rd8+ Kf7 36. Rc4 Qa5 37. Rb8 Bd7 38. Rb7 Nf8 39. Rf4+ Ke7
40. Nd5+ Kd6 41. Rxf8 Bc6 42. Rf6+ 1-0

[Event "Liga Madrileña - DH 2018-2019"]
[Site "Madrid ESP"]
[Date "2019.03.17"]
[Round "14.2"]
[White "Jimenez Lopez, Antonio"]
[Black "Khamrakulov, Ibragim S"]
[Result "1/2-1/2"]
[WhiteElo "2206"]
[BlackElo "2444"]
[PlyCount "43"]
[EventDate "2018.11.18"]
[EventType "team-tourn"]
[EventRounds "14"]
[EventCountry "ESP"]
[SourceTitle "Ajedrez en Madrid"]
[Source "lmi"]
[SourceDate "2018.11.18"]
[SourceVersion "1"]
[SourceVersionDate "2019.04.02"]
[SourceQuality "1"]
[WhiteTeam "San Fernando de Henares"]
[BlackTeam "64 Villalba"]
[WhiteTeamCountry "ESP"]
[BlackTeamCountry "ESP"]

1. e4 c5 2. Nf3 e6 3. d4 cxd4 4. Nxd4 a6 5. Bd3 Nf6 6. O-O Qc7 7. c4 Nc6 8.
Nxc6 bxc6 9. Nc3 Bc5 10. Qe2 Bd4 11. Be3 Bxe3 12. Qxe3 Ng4 13. Qg3 Qxg3 14.
hxg3 d6 15. c5 d5 16. Na4 Ne5 17. Rfd1 Kd8 18. Rac1 a5 19. Nb6 Rb8 20. Rc3 Nd7
21. exd5 exd5 22. Nxd5 1/2-1/2

[Event "Liga Madrileña - DH 2018-2019"]
[Site "Madrid ESP"]
[Date "2019.03.17"]
[Round "14.3"]
[White "Longa Yauca, Javier"]
[Black "Garrido Olivares, Ricard"]
[Result "1-0"]
[WhiteElo "2248"]
[BlackElo "2167"]
[PlyCount "39"]
[EventDate "2018.11.18"]
[EventType "team-tourn"]
[EventRounds "14"]
[EventCountry "ESP"]
[SourceTitle "Ajedrez en Madrid"]
[Source "lmi"]
[SourceDate "2018.11.18"]
[SourceVersion "1"]
[SourceVersionDate "2019.04.02"]
[SourceQuality "1"]
[WhiteTeam "64 Villalba"]
[BlackTeam "San Fernando de Henares"]
[WhiteTeamCountry "ESP"]
[BlackTeamCountry "ESP"]

1. d4 d5 2. c4 e6 3. Nc3 Nf6 4. Bg5 Be7 5. e3 Nbd7 6. Nf3 h6 7. Bh4 O-O 8. Qc2
c5 9. dxc5 Nxc5 10. Rd1 Qa5 11. cxd5 exd5 12. Bxf6 Bxf6 13. Rxd5 Be6 14. Rd2
Rac8 15. Nd4 Bxa2 16. b4 Bb3 17. bxa5 Bxc2 18. Rxc2 Bxd4 19. exd4 Na4 20. Kd2
1-0

[Event "Liga Madrileña - DH 2018-2019"]
[Site "Madrid ESP"]
[Date "2019.03.17"]
[Round "14.6"]
[White "Haro Casas, Emilio"]
[Black "Cardoso Sanchez, Asier"]
[Result "1-0"]
[WhiteElo "1815"]
[BlackElo "1690"]
[PlyCount "123"]
[EventDate "2018.11.18"]
[EventType "team-tourn"]
[EventRounds "14"]
[EventCountry "ESP"]
[SourceTitle "Ajedrez en Madrid"]
[Source "lmi"]
[SourceDate "2018.11.18"]
[SourceVersion "1"]
[SourceVersionDate "2019.04.02"]
[SourceQuality "1"]
[WhiteTeam "San Fernando de Henares"]
[BlackTeam "64 Villalba"]
[WhiteTeamCountry "ESP"]
[BlackTeamCountry "ESP"]

1. e4 c6 2. Nc3 d5 3. d4 dxe4 4. Nxe4 Bf5 5. Ng3 Bg6 6. h4 h6 7. Nf3 Nd7 8. h5
Bh7 9. Bd3 Bxd3 10. Qxd3 e6 11. O-O Ngf6 12. c4 Bd6 13. Ne4 Bc7 14. Re1 O-O 15.
Qb3 b6 16. Bd2 Nxh5 17. Bb4 Re8 18. Nd6 Bxd6 19. Bxd6 c5 20. Rad1 cxd4 21. Rxd4
Qc8 22. Qb5 Nhf6 23. b4 a6 24. Qa4 Qb7 25. Qd1 Rec8 26. Ne5 a5 27. b5 Nxe5 28.
Bxe5 Qe7 29. Bd6 Qe8 30. Be5 Nh7 31. Qg4 f6 32. Bd6 e5 33. f4 Qf7 34. fxe5 fxe5
35. Bxe5 Nf6 36. Bxf6 Qxf6 37. Rf1 Qe5 38. Rdf4 Rc7 39. Qf3 Rcc8 40. Re4 Qc5+
41. Kh1 Rf8 42. Rf4 Rad8 43. Rxf8+ Rxf8 44. Qxf8+ Qxf8 45. Rxf8+ Kxf8 46. c5
Ke7 47. c6 h5 48. Kh2 g5 49. Kg3 Kd6 50. Kf3 Ke7 51. Ke4 Ke6 52. a4 h4 53. Kf3
Kd6 54. Kg4 Kc7 55. Kxg5 Kc8 56. Kxh4 Kc7 57. g4 Kc8 58. g5 Kc7 59. g6 Kb8 60.
g7 Ka7 61. Kg5 Kb8 62. g8=Q+ 1-0

[Event "Liga Madrileña - DH 2018-2019"]
[Site "Madrid ESP"]
[Date "2019.03.17"]
[Round "14.1"]
[White "Vallejo Diaz, Javier"]
[Black "Bolado Saez, Sergio"]
[Result "1/2-1/2"]
[WhiteElo "2368"]
[BlackElo "2370"]
[PlyCount "40"]
[EventDate "2018.11.18"]
[EventType "team-tourn"]
[EventRounds "14"]
[EventCountry "ESP"]
[SourceTitle "Ajedrez en Madrid"]
[Source "lmi"]
[SourceDate "2018.11.18"]
[SourceVersion "1"]
[SourceVersionDate "2019.04.02"]
[SourceQuality "1"]
[WhiteTeam "Alcorcon"]
[BlackTeam "Blanco y Negro"]
[WhiteTeamCountry "ESP"]
[BlackTeamCountry "ESP"]

1. e4 c5 2. Nf3 d6 3. Bb5+ Nd7 4. d4 cxd4 5. Qxd4 e5 6. Qd3 a6 7. Bxd7+ Bxd7 8.
c4 b5 9. Nc3 Rb8 10. O-O h6 11. a4 bxc4 12. Qxc4 Qc8 13. Qxc8+ Bxc8 14. Rb1 Nf6
15. b4 Be7 16. b5 axb5 17. Ba3 Rb7 18. Rxb5 Rxb5 19. axb5 Bb7 20. Rd1 Nxe4
1/2-1/2

[Event "Liga Madrileña - DH 2018-2019"]
[Site "Madrid ESP"]
[Date "2019.03.17"]
[Round "14.2"]
[White "Alarcia Astiz, Carlos"]
[Black "Vallejo Diaz, Jesus"]
[Result "1/2-1/2"]
[WhiteElo "2285"]
[BlackElo "2195"]
[PlyCount "75"]
[EventDate "2018.11.18"]
[EventType "team-tourn"]
[EventRounds "14"]
[EventCountry "ESP"]
[SourceTitle "Ajedrez en Madrid"]
[Source "lmi"]
[SourceDate "2018.11.18"]
[SourceVersion "1"]
[SourceVersionDate "2019.04.02"]
[SourceQuality "1"]
[WhiteTeam "Blanco y Negro"]
[BlackTeam "Alcorcon"]
[WhiteTeamCountry "ESP"]
[BlackTeamCountry "ESP"]

1. e4 e5 2. Nf3 Nc6 3. Bc4 Nf6 4. d3 Be7 5. O-O O-O 6. Re1 d6 7. c3 Na5 8. Bb5
a6 9. Ba4 b5 10. Bc2 c5 11. Nbd2 Nc6 12. Nf1 Re8 13. h3 h6 14. Ne3 Bf8 15. Bb3
Be6 16. Bxe6 fxe6 17. Ng4 Ra7 18. a4 b4 19. Nd2 Rf7 20. Nc4 Nxg4 21. Qxg4 Qf6
22. Re2 Kh7 23. Bd2 g6 24. Rf1 d5 25. Ne3 Rd8 26. Qg3 h5 27. Nc2 Be7 28. f4
bxc3 29. bxc3 Qh4 30. Qxh4 Bxh4 31. fxe5 Rxf1+ 32. Kxf1 d4 33. cxd4 Nxd4 34.
Nxd4 Rxd4 35. Be1 Bxe1 36. Rxe1 Rxd3 37. Rc1 Rd4 38. Rxc5 1/2-1/2

[Event "Liga Madrileña - DH 2018-2019"]
[Site "Madrid ESP"]
[Date "2019.03.17"]
[Round "14.3"]
[White "Medina Riesgo, Pedro"]
[Black "Hidalgo Duque, Carlos"]
[Result "0-1"]
[WhiteElo "2141"]
[BlackElo "2240"]
[PlyCount "78"]
[EventDate "2018.11.18"]
[EventType "team-tourn"]
[EventRounds "14"]
[EventCountry "ESP"]
[SourceTitle "Ajedrez en Madrid"]
[Source "lmi"]
[SourceDate "2018.11.18"]
[SourceVersion "1"]
[SourceVersionDate "2019.04.02"]
[SourceQuality "1"]
[WhiteTeam "Alcorcon"]
[BlackTeam "Blanco y Negro"]
[WhiteTeamCountry "ESP"]
[BlackTeamCountry "ESP"]

1. e4 c5 2. Nf3 d6 3. g3 Nc6 4. Bg2 g6 5. O-O Bg7 6. Re1 e5 7. d3 Nge7 8. c3
O-O 9. a3 b5 10. b4 a5 11. bxc5 dxc5 12. Be3 Qd6 13. Qc2 a4 14. Nbd2 Ba6 15. c4
Nd4 16. Bxd4 cxd4 17. cxb5 Bxb5 18. Nc4 Bxc4 19. Qxc4 Rfc8 20. Qa2 Rc3 21. Rec1
Bh6 22. Rxc3 dxc3 23. d4 exd4 24. e5 Qc5 25. Ne1 Rc8 26. Nd3 Qb5 27. Qe2 c2 28.
f4 Qb1+ 29. Qf1 Qxf1+ 30. Kxf1 Nf5 31. Ke2 Bf8 32. Bh3 Rc3 33. g4 Ne3 34. g5
Rxa3 35. Rxa3 Bxa3 36. e6 Kf8 37. Kd2 Bb2 38. f5 gxf5 39. Bxf5 c1=Q+ 0-1

[Event "Liga Madrileña - DH 2018-2019"]
[Site "Madrid ESP"]
[Date "2019.03.17"]
[Round "14.4"]
[White "Rodriguez Melendez, Juan Humbert"]
[Black "Nieto Perez, Juan V"]
[Result "1-0"]
[WhiteElo "2219"]
[BlackElo "1909"]
[PlyCount "117"]
[EventDate "2018.11.18"]
[EventType "team-tourn"]
[EventRounds "14"]
[EventCountry "ESP"]
[SourceTitle "Ajedrez en Madrid"]
[Source "lmi"]
[SourceDate "2018.11.18"]
[SourceVersion "1"]
[SourceVersionDate "2019.04.02"]
[SourceQuality "1"]
[WhiteTeam "Blanco y Negro"]
[BlackTeam "Alcorcon"]
[WhiteTeamCountry "ESP"]
[BlackTeamCountry "ESP"]

1. d4 Nf6 2. c4 g6 3. g3 Bg7 4. Bg2 O-O 5. Nf3 d6 6. Nc3 Nbd7 7. O-O e5 8. e4
Re8 9. Re1 c6 10. h3 Qc7 11. Be3 exd4 12. Nxd4 Nc5 13. Qc2 Ne6 14. Nb3 b6 15.
Rad1 Ba6 16. Nd2 Nd7 17. b3 Nd4 18. Qc1 Rad8 19. Nf1 Ne6 20. Nh2 Ndc5 21. Ng4
h5 22. Nh2 Qe7 23. b4 Nd7 24. b5 cxb5 25. Nd5 Qf8 26. Qa3 Bb7 27. cxb5 Nec5 28.
Bxc5 dxc5 29. Qxa7 Bxd5 30. Rxd5 Re7 31. Rdd1 Ra8 32. Qb7 Rb8 33. Qd5 Qe8 34.
Qb3 Rc8 35. Bf1 Ne5 36. Bc4 Rd8 37. Bd5 Rc8 38. Rc1 Rec7 39. Bc4 Rd7 40. Rcd1
Rcd8 41. Bd5 Rc7 42. Qe3 Qxb5 43. f4 Nd7 44. e5 Rdc8 45. Qe4 Nf8 46. f5 Qb4 47.
Qf3 c4 48. fxg6 Nxg6 49. Qxh5 Qc5+ 50. Kg2 Nxe5 51. Rxe5 Bxe5 52. Qxe5 Re7 53.
Qg5+ Kh8 54. Qf6+ Kg8 55. Rd4 Re2+ 56. Kf3 Qa3+ 57. Kxe2 Re8+ 58. Re4 Qd3+ 59.
Kf2 1-0

[Event "Liga Madrileña - DH 2018-2019"]
[Site "Madrid ESP"]
[Date "2019.03.17"]
[Round "14.5"]
[White "Astilleros Garcia Monge, Jose M"]
[Black "Serrano Pozo, Fermin"]
[Result "1/2-1/2"]
[WhiteElo "1803"]
[BlackElo "1860"]
[PlyCount "75"]
[EventDate "2018.11.18"]
[EventType "team-tourn"]
[EventRounds "14"]
[EventCountry "ESP"]
[SourceTitle "Ajedrez en Madrid"]
[Source "lmi"]
[SourceDate "2018.11.18"]
[SourceVersion "1"]
[SourceVersionDate "2019.04.02"]
[SourceQuality "1"]
[WhiteTeam "Alcorcon"]
[BlackTeam "Blanco y Negro"]
[WhiteTeamCountry "ESP"]
[BlackTeamCountry "ESP"]

1. d4 d5 2. c4 c6 3. cxd5 cxd5 4. Nc3 Nf6 5. Bf4 Nc6 6. e3 a6 7. Bd3 g6 8. h3
Bg7 9. Nf3 O-O 10. Rc1 h6 11. O-O Be6 12. Na4 Ne4 13. Nd2 f5 14. f3 Nxd2 15.
Qxd2 Bc8 16. Bb1 g5 17. Bg3 f4 18. Bf2 fxe3 19. Bxe3 Bf5 20. Nc5 Qb6 21. h4 Na5
22. Bxf5 Rxf5 23. b3 gxh4 24. Na4 Qd8 25. Bxh6 Nc6 26. Bxg7 Kxg7 27. Nc5 Qd6
28. Nxb7 Qf6 29. Nc5 Qxd4+ 30. Qxd4+ Nxd4 31. Rfe1 Kf7 32. Nd3 Rg8 33. Kf2 h3
34. Ne5+ Kf6 35. Nd7+ Kf7 36. Ne5+ Kf6 37. Nd7+ Kf7 38. Ne5+ 1/2-1/2

[Event "Liga Madrileña - DH 2018-2019"]
[Site "Madrid ESP"]
[Date "2019.03.17"]
[Round "14.2"]
[White "Quevedo Marin, Manuel"]
[Black "Moreno Ruiz, Javier"]
[Result "0-1"]
[WhiteElo "2191"]
[BlackElo "2467"]
[PlyCount "84"]
[EventDate "2018.11.18"]
[EventType "team-tourn"]
[EventRounds "14"]
[EventCountry "ESP"]
[SourceTitle "Ajedrez en Madrid"]
[Source "lmi"]
[SourceDate "2018.11.18"]
[SourceVersion "1"]
[SourceVersionDate "2019.04.02"]
[SourceQuality "1"]
[WhiteTeam "San Sebastian de los Reyes"]
[BlackTeam "Collado Villalba"]
[WhiteTeamCountry "ESP"]
[BlackTeamCountry "ESP"]

1. d4 Nf6 2. c4 g6 3. Nc3 Bg7 4. e4 d6 5. Be2 O-O 6. Be3 c5 7. e5 Ne8 8. dxc5
Bxe5 9. Nf3 Bg7 10. Qd2 Nc6 11. cxd6 Nxd6 12. Bh6 Bxh6 13. Qxh6 Nf5 14. Qf4 Qb6
15. O-O Qxb2 16. Rfc1 Rd8 17. Rab1 Qa3 18. Bf1 Qd6 19. Qe4 Nfd4 20. Nxd4 Qxd4
21. Qe1 Qd2 22. g3 Qxe1 23. Rxe1 Rb8 24. Bg2 Bf5 25. Rbc1 Rd2 26. g4 Bxg4 27.
Rb1 Rdd8 28. Bxc6 bxc6 29. Rxb8 Rxb8 30. Rxe7 Rb4 31. Rxa7 Rxc4 32. Ra3 Rd4 33.
Ra8+ Kg7 34. Ra5 Bh3 35. f3 Rd2 36. Ne4 Rg2+ 37. Kh1 Rc2 38. Kg1 Be6 39. a3 Bd5
40. Ra7 h6 41. Ra6 g5 42. a4 g4 0-1

[Event "Liga Madrileña - DH 2018-2019"]
[Site "Madrid ESP"]
[Date "2019.03.17"]
[Round "14.3"]
[White "Suarez Uriel, Adrian"]
[Black "Alfaya Marcelo, Roberto"]
[Result "1-0"]
[WhiteElo "2395"]
[BlackElo "2143"]
[PlyCount "77"]
[EventDate "2018.11.18"]
[EventType "team-tourn"]
[EventRounds "14"]
[EventCountry "ESP"]
[SourceTitle "Ajedrez en Madrid"]
[Source "lmi"]
[SourceDate "2018.11.18"]
[SourceVersion "1"]
[SourceVersionDate "2019.04.02"]
[SourceQuality "1"]
[WhiteTeam "Collado Villalba"]
[BlackTeam "San Sebastian de los Reyes"]
[WhiteTeamCountry "ESP"]
[BlackTeamCountry "ESP"]

1. e4 c5 2. Nf3 d6 3. Nc3 Nf6 4. e5 dxe5 5. Nxe5 a6 6. g3 e6 7. Bg2 Be7 8. O-O
O-O 9. Qe2 Nbd7 10. Nc4 Rb8 11. a4 b5 12. axb5 axb5 13. Na5 Rb6 14. Nc6 Qe8 15.
Ra8 Rxc6 16. Bxc6 b4 17. Ne4 Qd8 18. Nxf6+ Nxf6 19. d3 Qb6 20. Bg2 Bb7 21.
Rxf8+ Bxf8 22. Bxb7 Qxb7 23. Bd2 h5 24. h4 Qa8 25. Bg5 Ng4 26. f3 Nf6 27. Bxf6
gxf6 28. f4 Qd5 29. f5 exf5 30. Qxh5 Qd4+ 31. Kh1 Qxb2 32. Qxf5 Bg7 33. Qc8+
Bf8 34. Qg4+ Bg7 35. Re1 Qxc2 36. Re8+ Kh7 37. Qh5+ Bh6 38. Qxf7+ Bg7 39. Qh5+
1-0

[Event "Liga Madrileña - DH 2018-2019"]
[Site "Madrid ESP"]
[Date "2019.03.17"]
[Round "14.4"]
[White "Hernandez Ramos, David"]
[Black "Martin Duque, Jesus"]
[Result "0-1"]
[WhiteElo "2074"]
[BlackElo "2347"]
[PlyCount "74"]
[EventDate "2018.11.18"]
[EventType "team-tourn"]
[EventRounds "14"]
[EventCountry "ESP"]
[SourceTitle "Ajedrez en Madrid"]
[Source "lmi"]
[SourceDate "2018.11.18"]
[SourceVersion "1"]
[SourceVersionDate "2019.04.02"]
[SourceQuality "1"]
[WhiteTeam "San Sebastian de los Reyes"]
[BlackTeam "Collado Villalba"]
[WhiteTeamCountry "ESP"]
[BlackTeamCountry "ESP"]

1. d4 Nf6 2. c4 e6 3. Nc3 Bb4 4. Qc2 Nc6 5. Nf3 d6 6. e3 O-O 7. Bd2 e5 8. dxe5
dxe5 9. a3 Bxc3 10. Bxc3 Re8 11. Be2 a5 12. b3 g6 13. Qb2 Ne4 14. Rd1 Qe7 15.
O-O Nxc3 16. Qxc3 Qxa3 17. Nd2 Qb4 18. Qc2 Bf5 19. Bd3 Bxd3 20. Qxd3 Rad8 21.
Qc2 f5 22. Nf3 e4 23. Nd4 Nxd4 24. exd4 e3 25. fxe3 Rxe3 26. Rd3 Rde8 27. h3
Re2 28. Qb1 Re1 29. Rd1 Rxd1 30. Qxd1 Re3 31. Kh2 Qxb3 32. Qd2 Qd3 33. Qc1 Qxd4
34. Rd1 Rd3 35. Re1 Rd2 36. Re8+ Kf7 37. Qe1 Qd6+ 0-1

[Event "Liga Madrileña - DH 2018-2019"]
[Site "Madrid ESP"]
[Date "2019.03.17"]
[Round "14.3"]
[White "Martin Rueda, Daniel"]
[Black "Cabrera Trujillo, Jorge Juan"]
[Result "1-0"]
[WhiteElo "2265"]
[BlackElo "2320"]
[PlyCount "73"]
[EventDate "2018.11.18"]
[EventType "team-tourn"]
[EventRounds "14"]
[EventCountry "ESP"]
[SourceTitle "Ajedrez en Madrid"]
[Source "lmi"]
[SourceDate "2018.11.18"]
[SourceVersion "1"]
[SourceVersionDate "2019.04.02"]
[SourceQuality "1"]
[WhiteTeam "Liberty Chess"]
[BlackTeam "Virgen de Atocha"]
[WhiteTeamCountry "ESP"]
[BlackTeamCountry "ESP"]

1. d4 Nf6 2. Bg5 Ne4 3. Bf4 d5 4. e3 c5 5. Bd3 Qb6 6. Bxe4 dxe4 7. Nc3 Bf5 8.
Nd5 Qg6 9. Nc7+ Kd7 10. dxc5+ Kc8 11. Nxa8 e5 12. Bg3 Nc6 13. Ne2 Bxc5 14. Qd5
Bb4+ 15. c3 Be7 16. O-O-O Be6 17. Qb5 f6 18. Rd2 Kb8 19. Nd4 Nxd4 20. cxd4 Rc8+
21. Kb1 Bc4 22. Qd7 Bd3+ 23. Ka1 Qe8 24. Qxe8 Rxe8 25. dxe5 Kxa8 26. a3 b5 27.
Rhd1 Rd8 28. f3 f5 29. fxe4 fxe4 30. Rc1 Kb7 31. Rf2 Rf8 32. Rxf8 Bxf8 33. Bh4
h6 34. Bd8 Bc4 35. Rxc4 bxc4 36. e6 c3 37. bxc3 1-0

[Event "Liga Madrileña - DH 2018-2019"]
[Site "Madrid ESP"]
[Date "2019.03.17"]
[Round "14.4"]
[White "Aguilera Lopez, Alejandro"]
[Black "Perez Gonzalez, Jose Manuel"]
[Result "0-1"]
[WhiteElo "2203"]
[BlackElo "2221"]
[PlyCount "116"]
[EventDate "2018.11.18"]
[EventType "team-tourn"]
[EventRounds "14"]
[EventCountry "ESP"]
[SourceTitle "Ajedrez en Madrid"]
[Source "lmi"]
[SourceDate "2018.11.18"]
[SourceVersion "1"]
[SourceVersionDate "2019.04.02"]
[SourceQuality "1"]
[WhiteTeam "Virgen de Atocha"]
[BlackTeam "Liberty Chess"]
[WhiteTeamCountry "ESP"]
[BlackTeamCountry "ESP"]

1. d4 Nf6 2. Nf3 g6 3. Bg5 Bg7 4. Nbd2 O-O 5. e4 d5 6. e5 Ne4 7. Bf4 c5 8. Bd3
Nxd2 9. Qxd2 Bg4 10. c3 Bxf3 11. gxf3 cxd4 12. cxd4 Nc6 13. Be3 Qb6 14. Be2
Rfc8 15. O-O e6 16. Rac1 Bf8 17. h4 h5 18. Kh2 Ne7 19. Bd3 Rxc1 20. Rxc1 Rc8
21. Rxc8 Nxc8 22. Qc2 Ne7 23. Kh3 Kh7 24. a3 Nc6 25. b4 a6 26. Qc1 Be7 27. Qg1
a5 28. b5 Nxd4 29. Qg3 Bc5 30. Qg5 Nf5 31. Bxf5 exf5 32. Qh6+ Kg8 33. e6 Bxe3
34. exf7+ Kxf7 35. Qh7+ Kf8 36. Qh8+ Ke7 37. Qg7+ Kd8 38. Qf8+ Kc7 39. Qe7+ Kb8
40. Qe8+ Ka7 41. fxe3 Qd6 42. a4 f4 43. exf4 d4 44. Kg3 d3 45. Qe3+ b6 46. Qd2
Qd4 47. Qe1 d2 48. Qe7+ Kb8 49. Qe8+ Kc7 50. Qc6+ Kd8 51. Qa8+ Ke7 52. Qb7+ Qd7
53. Qe4+ Kf7 54. f5 gxf5 55. Qc4+ Kg7 56. Qf4 d1=Q 57. Qg5+ Kf8 58. Qf6+ Qf7
0-1